[Event "Titled Tue 17th Jun Early"]
[Site "chess.com INT"]
[Date "2025.06.17"]
[Round "10"]
[White "Idani, Pouya"]
[Black "Cherepov, Alexej"]
[Result "1-0"]
[WhiteTitle "GM"]
[BlackTitle "CM"]
[WhiteElo "2593"]
[BlackElo "2083"]
[WhiteFideId "12510130"]
[BlackFideId "13503650"]
[EventDate "2025.06.17"]

1. d4 d5 2. Nf3 c6 3. e3 Nf6 4. h3 Bf5 5. g4 Bc8 6. c4 e6 7. Nc3 Nbd7 8. Qc2 Bd6
9. g5 Ng8 10. e4 Ne7 11. Be3 O-O 12. h4 dxc4 13. Bxc4 b5 14. Bd3 e5 15. O-O-O
Qc7 16. h5 exd4 17. Nxd4 Ne5 18. Bxb5 cxb5 19. Ndxb5 Qa5 20. Nxd6 Be6 21. f4 Nc4
22. Nxc4 Bxc4 23. h6 g6 24. Qd2 Nc6 25. Qd6 Be6 26. Qc5 Qa6 27. Rd6 Rfc8 28. Kb1
Rab8 29. Bc1 Qb7 30. f5 Nb4 31. Qe5 f6 32. Qxe6+ Kh8 33. Qxf6+ Kg8 34. Qg7+ 1-0

[Event "Titled Tue 17th Jun Early"]
[Site "chess.com INT"]
[Date "2025.06.17"]
[Round "10"]
[White "Dumanuly, Sultanbeibarys"]
[Black "Tilak, Sharad S"]
[Result "1-0"]
[WhiteTitle "FM"]
[BlackTitle "IM"]
[WhiteElo "2212"]
[BlackElo "2191"]
[WhiteFideId "13731963"]
[BlackFideId "5000165"]
[EventDate "2025.06.17"]

1. e4 c5 2. Nc3 Nc6 3. Bb5 e6 4. Bxc6 bxc6 5. Nf3 d6 6. O-O e5 7. d3 Be7 8. a4
Nf6 9. a5 O-O 10. b3 Ne8 11. Nd2 Bg5 12. Nc4 Bxc1 13. Qxc1 f5 14. f3 f4 15. Qa3
Rf6 16. Rf2 Rh6 17. Qc1 Qh4 18. Kf1 Qxh2 19. Ke2 Qh4 20. Qe1 Qe7 21. Rf1 Rg6 22.
Qf2 Rg3 23. Rh1 g6 24. Rh2 Nf6 25. Kd2 d5 26. Nb2 c4 27. bxc4 Qb4 28. Na4 d4 29.
Rb1 Qxa5 30. Qe1 dxc3+ 31. Nxc3 Nd7 32. Ra1 Qc7 33. Qh1 Nc5 34. Qg1 Ne6 35. Qb1
Nd4 36. Ne2 Rb8 37. Qa2 Nxe2 38. Kxe2 Qb6 39. c5+ 1-0

[Event "Titled Tue 17th Jun Early"]
[Site "chess.com INT"]
[Date "2025.06.17"]
[Round "10"]
[White "Demchenko, Svitlana"]
[Black "Loskutova, Viktoriya"]
[Result "0-1"]
[WhiteTitle "WIM"]
[BlackTitle "WFM"]
[WhiteElo "2135"]
[BlackElo "2092"]
[WhiteFideId "14149893"]
[BlackFideId "34166278"]
[EventDate "2025.06.17"]

1. Nf3 Nf6 2. g3 g6 3. Bg2 Bg7 4. O-O O-O 5. d3 d5 6. Nbd2 Nc6 7. e4 e5 8. Re1
Re8 9. c3 a5 10. a4 h6 11. Qc2 Be6 12. Nf1 d4 13. c4 Nd7 14. Qe2 Nc5 15. Bd2 Qd7
16. Nh4 Bg4 17. f3 Be6 18. f4 Bg4 19. Bf3 Bxf3 20. Qxf3 exf4 21. gxf4 Nb4 22.
Bxb4 axb4 23. f5 g5 24. f6 gxh4 25. Qg2 Ne6 26. fxg7 Ra6 27. Nd2 Ng5 28. Kh1 Rg6
29. Rg1 Nh3 30. Qf3 Nxg1 31. Rxg1 Rxg1+ 32. Kxg1 Re6 33. e5 Rg6+ 34. Kf1 Qxa4
35. Ne4 Qa1+ 36. Ke2 Qxb2+ 37. Kf1 Qc1+ 38. Ke2 Qc2+ 39. Kf1 Qxh2 40. Nf6+ Kxg7
41. Ng4 Qg3 42. Qxg3 hxg3 43. Nf6 Rxf6+ 44. exf6+ Kxf6 0-1

[Event "Titled Tue 17th Jun Early"]
[Site "chess.com INT"]
[Date "2025.06.17"]
[Round "10"]
[White "Kalyani Sirin"]
[Black "Bold, Andre"]
[Result "1-0"]
[WhiteTitle "WFM"]
[BlackTitle "CM"]
[WhiteElo "2138"]
[BlackElo "2235"]
[WhiteFideId "33323500"]
[BlackFideId "16208471"]
[EventDate "2025.06.17"]

1. e4 c5 2. Nf3 Nc6 3. d4 cxd4 4. Nxd4 e5 5. Nb3 Nf6 6. Bd3 d5 7. exd5 Qxd5 8.
O-O Bg4 9. f3 Be6 10. Nc3 Qd7 11. Bg5 Be7 12. Kh1 O-O 13. Qe2 Nd5 14. Bd2 Rfd8
15. Ne4 b6 16. Ng5 Bf5 17. Bb5 Bf6 18. Ne4 a6 19. Bxa6 Ndb4 20. Nxf6+ gxf6 21.
Bb5 Nxc2 22. Rac1 N2d4 23. Nxd4 Nxd4 24. Bxd7 Nxe2 25. Bxf5 Nxc1 26. Bxc1 Rxa2
27. Kg1 Kf8 28. Bxh7 Ke7 29. Bf5 b5 30. h4 Rh8 31. g3 Rh5 32. Bg4 Rh8 33. Kf2
Rg8 34. h5 e4 35. Re1 f5 36. Bxf5 Kf6 37. fxe4 Ke5 38. h6 Rh8 39. Bf4+ Kd4 40.
Re2 f6 41. e5 Ra6 42. e6 Raa8 43. e7 b4 44. Bg6 1-0

[Event "Titled Tue 17th Jun Early"]
[Site "chess.com INT"]
[Date "2025.06.17"]
[Round "10"]
[White "Sheehan, Ethan"]
[Black "Andreikin, Dmitry"]
[Result "0-1"]
[BlackTitle "GM"]
[WhiteElo "2364"]
[BlackElo "2695"]
[WhiteFideId "30943965"]
[BlackFideId "4158814"]
[EventDate "2025.06.17"]

1. d4 Nf6 2. Nf3 e6 3. Bf4 b6 4. e3 Bb7 5. Nbd2 Nh5 6. Bg5 Be7 7. Bxe7 Qxe7 8.
Bd3 d6 9. O-O Nd7 10. Re1 O-O 11. c3 g6 12. e4 Nf4 13. Bf1 e5 14. g3 Ne6 15. d5
Ng5 16. Nxg5 Qxg5 17. h4 Qh6 18. Bh3 f5 19. Nf1 Nc5 20. exf5 gxf5 21. b4 Ne4 22.
Qd3 Qg6 23. c4 Bc8 24. a4 a5 25. bxa5 Nc5 26. Qc2 bxa5 27. Nd2 Qg7 28. Nb3 f4
29. Bxc8 fxg3 30. fxg3 Qxg3+ 31. Qg2 Qxg2+ 32. Kxg2 Nxb3 33. Be6+ Kg7 34. Rab1
Nc5 35. Rb5 Rf4 36. Rxe5 dxe5 37. Rxc5 e4 38. Rxc7+ Kf6 39. Rf7+ Ke5 40. Rxf4
Kxf4 41. c5 Rb8 42. c6 Rb2+ 43. Kf1 Kf3 44. Ke1 e3 45. Bf5 Ra2 46. Kd1 e2+ 47.
Ke1 Ra1+ 0-1

[Event "Titled Tue 17th Jun Early"]
[Site "chess.com INT"]
[Date "2025.06.17"]
[Round "10"]
[White "Palczert, Matyas"]
[Black "Askarov, Bakhtiyar"]
[Result "0-1"]
[WhiteTitle "FM"]
[BlackTitle "IM"]
[WhiteElo "2396"]
[BlackElo "2297"]
[WhiteFideId "784958"]
[BlackFideId "13701100"]
[EventDate "2025.06.17"]

1. b3 d5 2. Bb2 Bf5 3. d3 e6 4. Nd2 Nf6 5. Ngf3 h6 6. g3 Be7 7. Bg2 O-O 8. O-O
a5 9. Qe1 a4 10. e4 Bh7 11. a3 axb3 12. cxb3 Nbd7 13. Qe2 Nc5 14. Nd4 c6 15.
Rac1 Qb6 16. a4 Nxa4 17. Ba1 Nc5 18. Qe3 Ra2 19. h3 Rfa8 20. Ne2 Ncd7 21. e5
Qxe3 22. fxe3 Rxd2 23. exf6 Bxf6 24. Nf4 Rda2 25. d4 Be7 26. Bc3 Nf6 27. g4 Be4
28. Bxe4 Nxe4 29. Be1 Bd6 30. h4 Rb2 31. Bf2 Raa2 32. Nd3 Rd2 33. Rcd1 g5 34.
hxg5 hxg5 35. Rxd2 Rxd2 36. Ne1 Rb2 37. Nf3 Rxb3 38. Ra1 Rb2 39. Be1 Re2 40.
Ra8+ Kg7 41. Ra7 Rxe3 42. Kg2 Rb3 43. Ba5 Rb2+ 44. Kg1 Ra2 45. Ne5 Bxe5 46. dxe5
c5 0-1

[Event "Titled Tue 17th Jun Early"]
[Site "chess.com INT"]
[Date "2025.06.17"]
[Round "10"]
[White "Aradhya, Garg"]
[Black "Firouzja, Alireza"]
[Result "0-1"]
[WhiteTitle "IM"]
[BlackTitle "GM"]
[WhiteElo "2370"]
[BlackElo "2766"]
[WhiteFideId "25006746"]
[BlackFideId "12573981"]
[EventDate "2025.06.17"]

1. d4 Nf6 2. c4 g6 3. g3 Bg7 4. Bg2 O-O 5. Nc3 d6 6. Nf3 Nbd7 7. O-O e5 8. e4
exd4 9. Nxd4 Re8 10. h3 Nc5 11. Re1 h6 12. b3 Ne6 13. Be3 Ng5 14. Kh2 Ngxe4 15.
Nxe4 Nxe4 16. Qc2 Nf6 17. Rad1 c6 18. b4 d5 19. Qc1 Kh7 20. b5 Bd7 21. bxc6 bxc6
22. Nb3 a5 23. Nc5 Be6 24. Nxe6 fxe6 25. Qc2 Rb8 26. Bd4 Rb4 27. cxd5 cxd5 28.
Qc6 Rc4 29. Qa6 Qc8 30. Qa7 Rf8 31. Re2 h5 32. Qxa5 h4 33. Be5 hxg3+ 34. fxg3
Qc6 35. Qa7 Rc2 36. Rxc2 Qxc2 37. Rf1 Kg8 38. Qe7 Re8 39. Qb7 Rf8 40. Qe7 Re8
41. Qa7 Rf8 42. Rf2 Qxf2 43. Qxf2 Ng4+ 44. hxg4 Rxf2 0-1

[Event "Titled Tue 17th Jun Early"]
[Site "chess.com INT"]
[Date "2025.06.17"]
[Round "10"]
[White "Paravyan, David"]
[Black "Gurel, Ediz"]
[Result "0-1"]
[WhiteTitle "GM"]
[BlackTitle "GM"]
[WhiteElo "2589"]
[BlackElo "2636"]
[WhiteFideId "4194985"]
[BlackFideId "44507356"]
[EventDate "2025.06.17"]

1. c4 Nf6 2. g3 e5 3. Bg2 g6 4. Nc3 Bg7 5. Nf3 d6 6. O-O O-O 7. d4 Nbd7 8. e4 a5
9. Qc2 c6 10. d5 Qc7 11. Be3 Ng4 12. Bg5 h6 13. Bd2 Nc5 14. h3 Nf6 15. Be3 Na6
16. a3 cxd5 17. cxd5 b5 18. Rfc1 Bd7 19. Qd2 Qb7 20. Bxh6 b4 21. Bxg7 Kxg7 22.
axb4 axb4 23. Nd1 Nxe4 24. Qe1 Nf6 25. Ne3 Nc5 26. Rxa8 Rxa8 27. Nxe5 Rc8 28.
N3c4 dxe5 29. Nd6 Nd3 30. Nxb7 Rxc1 31. Qxc1 Nxc1 32. Nc5 Ne2+ 33. Kf1 Nd4 34.
Ke1 Bb5 35. Kd2 Kf8 36. d6 Nf5 37. Nb7 Ne8 38. g4 Nfxd6 39. Nc5 Ke7 40. b3 Nc7
41. Ke3 Ne6 42. Nxe6 Kxe6 43. f4 exf4+ 44. Kxf4 Bd3 45. h4 Kf6 46. h5 g5+ 47.
Ke3 Bc2 48. Kd4 Bxb3 49. Kc5 Ne8 50. Kxb4 Be6 51. Bf3 Kg7 52. Kc5 Nf6 0-1

[Event "Titled Tue 17th Jun Early"]
[Site "chess.com INT"]
[Date "2025.06.17"]
[Round "10"]
[White "Zebracki, Tomasz"]
[Black "Castillo Pena, Patricia Evarista"]
[Result "1-0"]
[WhiteTitle "FM"]
[BlackTitle "WFM"]
[WhiteElo "2230"]
[BlackElo "1909"]
[WhiteFideId "1181521"]
[BlackFideId "6412106"]
[EventDate "2025.06.17"]

1. e4 c5 2. Nf3 d6 3. c3 Nf6 4. Be2 Nc6 5. d4 cxd4 6. cxd4 e6 7. Nc3 Be7 8. Bf4
O-O 9. O-O a6 10. d5 exd5 11. exd5 Nb8 12. Nd4 Nbd7 13. Nf5 Nc5 14. Nxe7+ Qxe7
15. Re1 Qd8 16. b4 Nce4 17. Nxe4 Nxe4 18. Qd3 Bf5 19. Qf3 Bg6 20. Bd3 Ng5 21.
Qg3 h6 22. Bxg6 fxg6 23. Bxg5 hxg5 24. Re6 Rf6 25. Rae1 Qb6 26. a3 Raf8 27. R1e2
Qd4 28. h3 Qd1+ 29. Kh2 Qxd5 30. Re7 Qf5 31. Rxb7 Qf4 32. Ree7 1-0

[Event "Titled Tue 17th Jun Early"]
[Site "chess.com INT"]
[Date "2025.06.17"]
[Round "10"]
[White "Plat, Vojtech"]
[Black "Rahman, Masruri"]
[Result "1-0"]
[WhiteTitle "GM"]
[BlackTitle "FM"]
[WhiteElo "2497"]
[BlackElo "2407"]
[WhiteFideId "325740"]
[BlackFideId "7101163"]
[EventDate "2025.06.17"]

1. e4 e6 2. d4 d5 3. Bd3 dxe4 4. c3 Nf6 5. Bc2 c5 6. Ne2 Nc6 7. Be3 Nd5 8. O-O
Nxe3 9. fxe3 Qg5 10. Nf4 f5 11. d5 exd5 12. Qxd5 Qd8 13. Qc4 Bd7 14. Na3 a6 15.
Rad1 Qf6 16. Nd5 Qe5 17. Nb6 Be6 18. Qa4 Rd8 19. Nac4 Qc7 20. Rxd8+ Qxd8 21. Bb3
Qc7 22. Na3 Bxb3 23. Qxb3 g6 24. Qe6+ Be7 25. Nac4 Kf8 26. Nd5 Qd8 27. Ne5 Nxe5
28. Qxe5 Rg8 29. Qxe4 Bd6 30. Qe6 Bb8 31. Rd1 Qh4 32. Nf4 Kg7 33. Rd7+ Kh8 34.
g3 Qg5 35. Qf7 Qh6 36. Qf6+ 1-0

[Event "Titled Tue 17th Jun Early"]
[Site "chess.com INT"]
[Date "2025.06.17"]
[Round "10"]
[White "Jammalamadaka, Vihaan"]
[Black "Foldes, Marton Gabor"]
[Result "1-0"]
[WhiteTitle "CM"]
[BlackTitle "FM"]
[WhiteElo "2018"]
[BlackElo "2295"]
[WhiteFideId "30977134"]
[BlackFideId "794708"]
[EventDate "2025.06.17"]

1. b3 d5 2. Bb2 Bg4 3. Nf3 Nd7 4. e3 Ngf6 5. Be2 e6 6. O-O Bd6 7. d4 O-O 8. Ne5
Bxe2 9. Qxe2 c5 10. f4 cxd4 11. exd4 Ne4 12. Nd2 Nxd2 13. Qxd2 Bxe5 14. fxe5 f5
15. c4 Nb6 16. Rac1 Rc8 17. Ba3 Rf7 18. cxd5 Nxd5 19. Rxc8 Qxc8 20. Rc1 Rc7 21.
Rxc7 Qxc7 22. h3 h6 23. Bb2 Qc6 24. Kh2 f4 25. Qc1 Qd7 26. Qc2 Ne3 27. Qe4 Nf1+
28. Kg1 Ng3 29. Qg6 Qb5 30. Qb1 Qe2 31. d5 exd5 32. e6 Qxe6 33. Kh2 Qe2 34. Bd4
Nf1+ 35. Kh1 Ne3 36. Qg6 f3 37. Qxg7# 1-0

[Event "Titled Tue 17th Jun Early"]
[Site "chess.com INT"]
[Date "2025.06.17"]
[Round "10"]
[White "Sobek, Jaroslav"]
[Black "Diaz Guerrero, Jesus Daniel"]
[Result "0-1"]
[WhiteTitle "FM"]
[BlackTitle "CM"]
[WhiteElo "2195"]
[BlackElo "2076"]
[WhiteFideId "301388"]
[BlackFideId "3979288"]
[EventDate "2025.06.17"]

1. d4 Nf6 2. c4 e6 3. Bf4 d5 4. e3 Bb4+ 5. Nd2 Ne4 6. Nf3 g5 7. Bg3 h5 8. h3
Nxg3 9. fxg3 Bd6 10. Kf2 Rg8 11. e4 g4 12. hxg4 hxg4 13. e5 gxf3 14. exd6 fxg2
15. Kxg2 Qxd6 16. Rh3 b6 17. Qf3 Nd7 18. Rh7 Nf6 19. c5 Qe7 20. Bb5+ Bd7 21.
Bxd7+ Kxd7 22. Rf1 Nxh7 23. Qh5 Nf6 24. Qe5 Ne8 25. cxb6 axb6 26. Rc1 Rg5 27.
Qe3 Rxa2 28. Qb3 Ra5 29. Qc3 Qd6 30. Nf1 Ra8 31. Qe3 Rg6 32. Qd3 Nf6 33. Qb5+
Kd8 34. Qe2 Ne4 35. Qh5 Rxg3+ 0-1

[Event "Titled Tue 17th Jun Early"]
[Site "chess.com INT"]
[Date "2025.06.17"]
[Round "10"]
[White "Ilinca, Felix-Antonio"]
[Black "Carlsson, Ludvig"]
[Result "1-0"]
[WhiteTitle "IM"]
[BlackTitle "IM"]
[WhiteElo "2431"]
[BlackElo "2379"]
[WhiteFideId "54764998"]
[BlackFideId "1727010"]
[EventDate "2025.06.17"]

1. d4 Nf6 2. Nc3 d5 3. Bf4 c5 4. e3 cxd4 5. exd4 Bg4 6. f3 Bd7 7. Nb5 Bxb5 8.
Bxb5+ Nc6 9. c3 e6 10. Ne2 Bd6 11. Bxd6 Qxd6 12. Qd2 O-O 13. h4 e5 14. dxe5 Nxe5
15. O-O-O a6 16. Bd3 b5 17. Kb1 Rab8 18. h5 h6 19. Nd4 Nc4 20. Bxc4 bxc4 21. g4
Nh7 22. Nf5 Qf6 23. f4 Rb5 24. Rh2 Rfb8 25. Qe3 Kh8 26. Re1 R5b7 27. Rhe2 Nf8
28. Nd4 Ne6 29. Nxe6 fxe6 30. Rf1 a5 31. Rff2 a4 32. a3 Rb3 33. Ka2 R8b6 34. g5
Qf8 35. gxh6 gxh6 36. Rg2 Qf6 37. Rg6 Qf8 38. Qd4+ Kh7 39. Reg2 Rb7 40. Rxe6 Qf5
41. Re8 1-0

[Event "Titled Tue 17th Jun Early"]
[Site "chess.com INT"]
[Date "2025.06.17"]
[Round "10"]
[White "Aranda, Juan Manuel"]
[Black "Chan, Mark"]
[Result "0-1"]
[WhiteTitle "CM"]
[BlackTitle "FM"]
[WhiteElo "2134"]
[BlackElo "2179"]
[WhiteFideId "160458"]
[BlackFideId "5800560"]
[EventDate "2025.06.17"]

1. Nf3 Nf6 2. g3 g6 3. Bg2 Bg7 4. O-O O-O 5. d3 d5 6. c4 c6 7. cxd5 cxd5 8. Nc3
Nc6 9. a3 Bf5 10. b4 Ne4 11. dxe4 Bxc3 12. exf5 Bxa1 13. Ng5 h6 14. fxg6 hxg5
15. gxf7+ Kg7 16. Bxg5 Bf6 17. Qd2 Rh8 18. Bxd5 Qd6 19. Bf4 e5 20. Bg5 Rh5 21.
f4 Bxg5 22. fxg5 Ne7 23. e4 Nxd5 24. exd5 Rf8 25. h4 Rxf7 26. Rxf7+ Kxf7 27.
Qf2+ Kg7 28. g4 Rh8 29. h5 Rf8 30. Qc2 Rf4 31. h6+ Kg8 32. Qc8+ Qf8 33. Qe6+ Qf7
34. Qc8+ Kh7 35. Qc2+ e4 0-1

[Event "Titled Tue 17th Jun Early"]
[Site "chess.com INT"]
[Date "2025.06.17"]
[Round "10"]
[White "Shapiro, Daniel"]
[Black "Sabatier, Mathis"]
[Result "1/2-1/2"]
[WhiteTitle "FM"]
[BlackTitle "CM"]
[WhiteElo "2284"]
[BlackElo "2235"]
[WhiteFideId "2001780"]
[BlackFideId "26029685"]
[EventDate "2025.06.17"]

1. d4 d5 2. c4 dxc4 3. e4 Nc6 4. Be3 Nf6 5. f3 e5 6. d5 Ne7 7. Bxc4 Ng6 8. Ne2
Bd6 9. O-O O-O 10. Nbc3 a6 11. a3 Nh5 12. Qe1 Nhf4 13. Kh1 f5 14. g3 Nxe2 15.
Qxe2 f4 16. Bf2 Qf6 17. Kg2 Qg5 18. g4 h5 19. h3 hxg4 20. hxg4 Bxg4 21. Rh1 Rf6
22. Rag1 Kf7 23. Kf1 b5 24. Bd3 b4 25. Rxg4 Qxg4 26. fxg4 bxc3 27. bxc3 f3 28.
Qe3 Rb8 29. Bg3 Nf4 30. g5 Rg6 31. Bxf4 exf4 32. Qxf3 Rxg5 33. Rh5 Rg3 34. Qd1
Bc5 35. Ke2 Rb2+ 36. Bc2 Rg2+ 37. Kd3 Rbxc2 38. Qxc2 Rxc2 39. Kxc2 g6 40. Rh7+
Kf6 41. Rxc7 f3 42. Rxc5 f2 43. Rc8 Kg7 44. Rc7+ Kf6 45. Rc8 Kg7 46. Rc7+ Kf6
47. Rc8 1/2-1/2

[Event "Titled Tue 17th Jun Early"]
[Site "chess.com INT"]
[Date "2025.06.17"]
[Round "10"]
[White "Cernov, Henrik"]
[Black "Huh, Isaak"]
[Result "1-0"]
[WhiteTitle "FM"]
[BlackTitle "CM"]
[WhiteElo "2325"]
[BlackElo "2139"]
[WhiteFideId "16258312"]
[BlackFideId "13209590"]
[EventDate "2025.06.17"]

1. c4 c5 2. b3 d5 3. cxd5 Nf6 4. Bb2 Nxd5 5. g3 e6 6. Bg2 Nc6 7. Nf3 f6 8. O-O
Be7 9. d4 O-O 10. e3 cxd4 11. Nxd4 Nxd4 12. Bxd4 e5 13. Bb2 Be6 14. Nc3 Nxc3 15.
Bxc3 Rb8 16. Qe2 Qb6 17. Rac1 Rfd8 18. Rfd1 Rxd1+ 19. Rxd1 Rd8 20. Rxd8+ Qxd8
21. Bxb7 Qc7 22. Qa6 Kf7 23. Ba5 Qc1+ 24. Kg2 h5 25. h4 Qd1 26. Qxa7 g5 27. hxg5
h4 28. g6+ Kg7 29. Be4 Bd7 30. Qb7 hxg3 31. Qd5 Qg4 32. Qf7+ Kh6 33. Qh7+ Kg5
34. f3 Qh5 35. Qxh5+ Kxh5 36. g7 Be6 37. Bh7 Kh6 38. g8=Q Bf7 39. Qxf7 f5 40.
Qg6# 1-0

[Event "Titled Tue 17th Jun Early"]
[Site "chess.com INT"]
[Date "2025.06.17"]
[Round "10"]
[White "Toktomushev, Teimur"]
[Black "Sanhueza, Cristian"]
[Result "1-0"]
[WhiteTitle "FM"]
[BlackTitle "FM"]
[WhiteElo "2390"]
[BlackElo "2213"]
[WhiteFideId "14176726"]
[BlackFideId "116815"]
[EventDate "2025.06.17"]

1. d4 Nf6 2. c4 g6 3. Nc3 Bg7 4. e4 d6 5. f3 O-O 6. Be3 c5 7. Nge2 Nc6 8. d5 Ne5
9. Ng3 e6 10. Be2 exd5 11. cxd5 a6 12. a4 Bd7 13. O-O b5 14. axb5 axb5 15. Rxa8
Qxa8 16. Bxb5 Bxb5 17. Nxb5 Qa6 18. Nc3 Rb8 19. Qc2 Qd3 20. Qxd3 Nxd3 21. Rd1
Nxb2 22. Rb1 Ng4 23. Bd2 Bd4+ 24. Kf1 Ne3+ 25. Bxe3 Bxc3 26. f4 Ra8 27. e5 Nc4
28. Bc1 dxe5 29. Ne4 Bd4 30. fxe5 Nxe5 31. d6 Kg7 32. Bf4 Nc4 33. d7 Rd8 34. Rb7
Ne5 35. Nxc5 Nc6 36. Bc7 1-0

[Event "Titled Tue 17th Jun Early"]
[Site "chess.com INT"]
[Date "2025.06.17"]
[Round "10"]
[White "Willim, Michael"]
[Black "Mata Gonzalez, Jose Fernando"]
[Result "0-1"]
[WhiteTitle "CM"]
[BlackTitle "CM"]
[WhiteElo "2024"]
[BlackElo "2164"]
[WhiteFideId "4632435"]
[BlackFideId "5107423"]
[EventDate "2025.06.17"]

1. c4 Nf6 2. Nf3 b6 3. g3 Bb7 4. Bg2 g5 5. O-O g4 6. Ne1 Bxg2 7. Nxg2 Nc6 8. d4
e6 9. d5 Ne5 10. b3 Bg7 11. Bb2 Ng6 12. e3 h5 13. Nf4 Nxf4 14. exf4 Qe7 15. f5
O-O-O 16. Qe2 h4 17. Nc3 Qc5 18. Na4 Qd6 19. Be5 Qe7 20. c5 hxg3 21. fxg3 d6 22.
cxd6 Rxd6 23. dxe6 fxe6 24. Bxd6 Qxd6 25. Qxe6+ Qxe6 26. fxe6 Nd5 27. Rae1 Bd4+
28. Kg2 Ne3+ 29. Rxe3 Bxe3 30. Re1 Bd2 31. Re2 Bb4 32. Re4 Bd6 33. Rxg4 Re8 34.
Rg6 Be5 35. h4 Kb7 36. Kf3 Kc6 37. Ke4 Ba1 38. Kd3 b5 39. Nc3 Rd8+ 40. Kc2 Rf8
41. h5 Rf2+ 42. Kd3 Rf3+ 43. Ke4 Rxc3 44. h6 Rc1 45. h7 Kd6 46. Kf5 Rf1+ 47. Kg5
Ke7 48. g4 Bc3 49. Rg8 Bf6+ 50. Kg6 Be5 51. Rg7+ Bxg7 52. Kxg7 Rg1 53. g5 Rxg5+
54. Kh6 Rg1 55. h8=Q Rh1+ 56. Kg7 Rxh8 0-1

[Event "Titled Tue 17th Jun Early"]
[Site "chess.com INT"]
[Date "2025.06.17"]
[Round "10"]
[White "Kourkoulos-Arditis, Stamatis"]
[Black "Piesik, Piotr"]
[Result "1-0"]
[WhiteTitle "GM"]
[BlackTitle "IM"]
[WhiteElo "2580"]
[BlackElo "2436"]
[WhiteFideId "4221990"]
[BlackFideId "1136194"]
[EventDate "2025.06.17"]

1. b3 d5 2. Bb2 c5 3. Nf3 Nc6 4. e3 a6 5. d4 Nf6 6. Nbd2 cxd4 7. exd4 Bf5 8. a3
e6 9. Be2 Be7 10. O-O O-O 11. Re1 Rc8 12. Bf1 b5 13. c3 Qb6 14. a4 b4 15. c4
dxc4 16. Nxc4 Qa7 17. Rc1 Rfd8 18. Nce5 Nxe5 19. Nxe5 Be4 20. Qe2 a5 21. Qb5 Bd5
22. Nc6 Bxc6 23. Rxc6 Rxc6 24. Qxc6 Nd5 25. Bc4 g6 26. Rxe6 fxe6 27. Qxe6+ Kg7
28. Bxd5 Qd7 29. Qf7+ Kh6 30. Be6 Qe8 31. Qf4+ Bg5 32. Qe4 Bf6 33. Bc1+ Kg7 34.
d5 Rc8 35. Bd2 Qe7 36. Qe3 Rc2 37. g3 Qc5 38. Qh6+ Kh8 39. Be3 Qe7 40. Qf4 Rc3
41. Qb8+ Kg7 42. Qg8# 1-0

[Event "Titled Tue 17th Jun Early"]
[Site "chess.com INT"]
[Date "2025.06.17"]
[Round "10"]
[White "Rom, Jasper"]
[Black "Terron Elena, Francisco M."]
[Result "0-1"]
[BlackTitle "FM"]
[WhiteElo "2163"]
[BlackElo "2148"]
[WhiteFideId "2023733"]
[BlackFideId "2210576"]
[EventDate "2025.06.17"]

1. e4 e5 2. Nf3 Nc6 3. Bb5 a6 4. Bxc6 dxc6 5. O-O Qe7 6. d4 exd4 7. Qxd4 c5 8.
Qd3 Bd7 9. Nc3 O-O-O 10. Nd5 Qe8 11. Bf4 Bd6 12. Nb6+ Kb8 13. Bxd6 Bc6 14. Bxc7+
Kxc7 15. Nd5+ Kb8 16. c4 Nf6 17. Rfe1 Nd7 18. Qe3 f6 19. Qf4+ Ka7 20. Qc7 Rc8
21. Qd6 Qf8 22. Qf4 g5 23. Qe3 g4 24. Nh4 Ne5 25. b3 Bd7 26. a4 h5 27. a5 Qh6
28. Qxh6 Rxh6 29. Rad1 Rf8 30. Nb6 Bc6 31. Nf5 Rh7 32. Nd6 h4 33. Re3 h3 34. g3
Nf3+ 35. Kh1 Ng5 36. Nbc8+ Kb8 37. Nb6 f5 38. Nd5 fxe4 39. Nxe4 Nxe4 40. Rxe4
Rxf2 41. Rde1 Rhf7 42. Re8+ Bxe8 43. Rxe8+ Ka7 0-1

[Event "Titled Tue 17th Jun Early"]
[Site "chess.com INT"]
[Date "2025.06.17"]
[Round "10"]
[White "Jimenez Fernandez, Rebeca"]
[Black "Huseynova, Dinara"]
[Result "1-0"]
[WhiteTitle "WFM"]
[BlackTitle "WCM"]
[WhiteElo "2154"]
[BlackElo "1833"]
[WhiteFideId "32070934"]
[BlackFideId "13437313"]
[EventDate "2025.06.17"]

1. e4 c6 2. d4 d5 3. exd5 cxd5 4. Bd3 Nc6 5. c3 Nf6 6. Nf3 Bg4 7. O-O e6 8. h3
Bxf3 9. Qxf3 Be7 10. Bf4 O-O 11. Nd2 Rb8 12. a4 Bd6 13. Bg5 Be7 14. Rfe1 a6 15.
Qe2 h6 16. Bh4 Ne8 17. Bxe7 Qxe7 18. Nf3 Nf6 19. g3 Rfc8 20. Kg2 Na5 21. Ne5 Nd7
22. h4 Nxe5 23. Qxe5 Qc7 24. Qe2 Nc4 25. Rad1 b5 26. axb5 axb5 27. Bb1 b4 28.
Qc2 bxc3 29. Qh7+ Kf8 30. bxc3 Rb2 31. Qh8+ Ke7 32. Qxg7 Nd2 33. Bg6 Rf8 34. Bh5
Ne4 35. Rxe4 dxe4 36. d5 Qb7 37. d6+ Kd7 38. Qxf8 e3+ 39. Kh3 Rxf2 40. Qe7+ Kc6
41. Qxb7+ Kxb7 42. d7 e2 43. Bxe2 Rxe2 44. d8=Q 1-0

[Event "Titled Tue 17th Jun Early"]
[Site "chess.com INT"]
[Date "2025.06.17"]
[Round "10"]
[White "Montano Vicente, Guadalupe"]
[Black "Castillo, Santiago"]
[Result "0-1"]
[WhiteElo "1938"]
[BlackElo "2163"]
[WhiteFideId "5181399"]
[BlackFideId "108936"]
[EventDate "2025.06.17"]

1. d4 d6 2. c4 Nf6 3. Nc3 g6 4. e4 Bg7 5. h3 O-O 6. Be3 e5 7. d5 a5 8. g4 Na6 9.
f3 c6 10. h4 cxd5 11. cxd5 h5 12. Be2 Bd7 13. a4 Nb4 14. Nh3 Rc8 15. Nf2 Qe7 16.
Rc1 Rc7 17. Bg5 hxg4 18. Nxg4 Bxg4 19. fxg4 Qd7 20. h5 Nh7 21. Be3 g5 22. h6 Bf6
23. Qd2 Rfc8 24. Rh5 Qe7 25. Kf2 Kh8 26. Rf1 Rg8 27. Ke1 Qd8 28. Bb6 Qe7 29. Be3
Qf8 30. Kd1 Rg6 31. Bb5 Rxh6 32. Rxh6 Qxh6 33. Qf2 Qh4 34. Qg2 Qh6 35. Rh1 Qg7
36. Rh5 Kg8 37. Qf3 Na6 38. Qf5 Nc5 39. Ke2 Na6 0-1